000 00267nam a22001217a 4500
008 170126b xxu||||| |||| 00| 0 eng d
041 _aeng
080 _216TH
_a61
100 _a3
101 _aSHM
245 _aHARRISON'S MANUAL OF MEDICINE
_cKASPER
942 _2udc
_cBK
999 _c3818
_d3818